[Event "Yogyakarta Piala Raja Master"]
[Site "Yogyakarta"]
[Date "2017.08.24"]
[Round "7"]
[White "Barus, Cerdas"]
[Black "Prihastomo, Iwan"]
[Result "1/2-1/2"]
[WhiteElo "2342"]
[BlackElo "2280"]
[PlyCount "61"]
[EventDate "2017.08.21"]
[EventType "tourn"]
[EventRounds "10"]
[EventCountry "INA"]
[EventCategory "3"]
[SourceTitle "CBM 180 Extra"]
[Source "ChessBase"]
[SourceDate "2017.10.06"]
[SourceVersion "1"]
[SourceVersionDate "2017.10.06"]
[SourceQuality "1"]

1. d4 Nf6 2. c4 e6 3. Nf3 b6 4. a3 Bb7 5. Nc3 Be7 6. Bg5 Ne4 7. Bxe7 Qxe7 8. Rc1 Nxc3 9. Rxc3 d6 10. g3 0-0 11. Bg2 Nd7 12. 0-0 c5 13. d5 e5 14. e4 Bc8 15. Nh4 g6 16. Qe1 f6 17. f4 Re8 18. Qf2 a5 19. a4 Ba6 20. b3 Kg7 21. Re3 Rad8 22. Bh3 Bc8 23. Bxd7 Bxd7 24. f5 g5 25. Nf3 Kh8 26. Kg2 Rg8 27. Rh1 h5 28. h3 Rdf8 29. Ree1 Rg7 30. h4 g4 31. Nd2 1/2-1/2

[Event "Yogyakarta Piala Raja Master"]
[Site "Yogyakarta"]
[Date "2017.08.24"]
[Round "8"]
[White "Prihastomo, Iwan"]
[Black "Tirto"]
[Result "1/2-1/2"]
[WhiteElo "2280"]
[BlackElo "2287"]
[PlyCount "60"]
[EventDate "2017.08.21"]
[EventType "tourn"]
[EventRounds "10"]
[EventCountry "INA"]
[EventCategory "3"]
[SourceTitle "CBM 180 Extra"]
[Source "ChessBase"]
[SourceDate "2017.10.06"]
[SourceVersion "1"]
[SourceVersionDate "2017.10.06"]
[SourceQuality "1"]

1. d4 d5 2. c4 c6 3. Nc3 Nf6 4. cxd5 cxd5 5. Bf4 Nc6 6. e3 Bf5 7. a3 e6 8. Bd3 Bxd3 9. Qxd3 Bd6 10. Bxd6 Qxd6 11. Nf3 0-0 12. 0-0 Rfc8 13. b4 Nb8 14. Na4 Nbd7 15. Nc5 Rc7 16. Rac1 Nb6 17. h3 h6 18. Nd2 Rac8 19. Rc2 Qd8 20. Rfc1 Ne8 21. Ncb3 Rxc2 22. Rxc2 Rxc2 23. Qxc2 Qc8 24. Qxc8 Nxc8 25. Kf1 Kf8 26. Ke2 Ke7 27. Kd3 Ned6 28. f3 b5 29. Na5 Kd7 30. Nab3 Nb6 1/2-1/2

[Event "Yogyakarta Piala Raja Master"]
[Site "Yogyakarta"]
[Date "2017.08.23"]
[Round "6"]
[White "Prihastomo, Iwan"]
[Black "Lioe, Dede"]
[Result "1/2-1/2"]
[WhiteElo "2280"]
[BlackElo "2356"]
[PlyCount "61"]
[EventDate "2017.08.21"]
[EventType "tourn"]
[EventRounds "10"]
[EventCountry "INA"]
[EventCategory "3"]
[SourceTitle "CBM 180 Extra"]
[Source "ChessBase"]
[SourceDate "2017.10.06"]
[SourceVersion "1"]
[SourceVersionDate "2017.10.06"]
[SourceQuality "1"]

1. d4 Nf6 2. c4 e6 3. Nf3 b6 4. Nc3 Bb4 5. Bg5 Bb7 6. e3 h6 7. Bxf6 Qxf6 8. Be2 0-0 9. Rc1 d6 10. 0-0 Bxc3 11. Rxc3 Nd7 12. Nd2 e5 13. Bf3 Bxf3 14. Qxf3 exd4 15. Qxf6 Nxf6 16. exd4 Rfe8 17. Re3 Rxe3 18. fxe3 Re8 19. Rf3 c5 20. h3 Ne4 21. Nxe4 Rxe4 22. dxc5 dxc5 23. b3 Re6 24. Kf2 Rd6 25. Ke2 f6 26. g4 Kf7 27. Rf4 Rd8 28. h4 Ke6 29. h5 Ke5 30. Rf5+ Ke6 31. Rf4 1/2-1/2

[Event "Yogyakarta Piala Raja Master"]
[Site "Yogyakarta"]
[Date "2017.08.22"]
[Round "3"]
[White "Tirto"]
[Black "Prihastomo, Iwan"]
[Result "0-1"]
[WhiteElo "2287"]
[BlackElo "2280"]
[PlyCount "89"]
[EventDate "2017.08.21"]
[EventType "tourn"]
[EventRounds "10"]
[EventCountry "INA"]
[EventCategory "3"]
[SourceTitle "CBM 180 Extra"]
[Source "ChessBase"]
[SourceDate "2017.10.06"]
[SourceVersion "1"]
[SourceVersionDate "2017.10.06"]
[SourceQuality "1"]

1. d4 Nf6 2. Nf3 e6 3. c3 b6 4. Bf4 Bb7 5. Nbd2 Be7 6. h3 0-0 7. e3 d6 8. Be2 Nbd7 9. 0-0 Re8 10. Qc2 h6 11. Bg3 Bf8 12. b4 a5 13. a3 c5 14. Qb2 Qc8 15. Rfb1 Ne4 16. Bh2 cxb4 17. cxb4 Nc3 18. Re1 axb4 19. axb4 Rxa1 20. Qxa1 Nxe2+ 21. Rxe2 Qc2 22. Re1 Rc8 23. b5 Qd3 24. Qb1 Rc2 25. Rd1 Bxf3 26. Nxf3 Qe2 27. Bg3 Nf6 28. Rc1 Rb2 29. Qa1 Ne4 30. Re1 Qxb5 31. Qa8 Nxg3 32. fxg3 Qc4 33. Kh2 Qc2 34. Rg1 Qf2 35. Qe4 b5 36. Qf4 b4 37. Ne1 Qxf4 38. gxf4 b3 39. Nf3 d5 40. Ne5 Rd2 41. Kg3 f6 42. Nd7 Ba3 43. Nc5 b2 44. Rb1 Rc2 45. Nd3 0-1

[Event "Yogyakarta Piala Raja Master"]
[Site "Yogyakarta"]
[Date "2017.08.21"]
[Round "2"]
[White "Prihastomo, Iwan"]
[Black "Barus, Cerdas"]
[Result "1/2-1/2"]
[WhiteElo "2280"]
[BlackElo "2342"]
[PlyCount "61"]
[EventDate "2017.08.21"]
[EventType "tourn"]
[EventRounds "10"]
[EventCountry "INA"]
[EventCategory "3"]
[SourceTitle "CBM 180 Extra"]
[Source "ChessBase"]
[SourceDate "2017.10.06"]
[SourceVersion "1"]
[SourceVersionDate "2017.10.06"]
[SourceQuality "1"]

1. d4 Nf6 2. c4 e6 3. Nf3 b6 4. g3 Ba6 5. Qc2 Bb7 6. Bg2 Bb4+ 7. Bd2 Be7 8. 0-0 0-0 9. Nc3 d5 10. Ne5 c6 11. cxd5 cxd5 12. Rfd1 Nbd7 13. Nxd7 Qxd7 14. Bf1 Rfc8 15. Qb3 Ba6 16. e3 Bxf1 17. Rxf1 Rc4 18. Rfc1 Rac8 19. Ne2 Ne4 20. Be1 h5 21. Rxc4 Rxc4 22. Rc1 Rxc1 23. Nxc1 h4 24. Nd3 Qc6 25. Qd1 hxg3 26. hxg3 Bd6 27. Qc1 Qxc1 28. Nxc1 Kf8 29. Kf1 Ke7 30. Ke2 g5 31. Nd3 1/2-1/2

[Event "Jakarta Telin op"]
[Site "Jakarta"]
[Date "2011.04.03"]
[Round "4"]
[White "Prihastomo, Iwan"]
[Black "Cuhendi, Sean Winshand"]
[Result "1/2-1/2"]
[WhiteElo "2278"]
[BlackElo "1945"]
[PlyCount "86"]
[EventDate "2011.04.01"]
[EventType "swiss"]
[EventRounds "9"]
[EventCountry "INA"]
[SourceTitle "CBM 141 Extra"]
[Source "ChessBase"]
[SourceDate "2011.05.03"]
[SourceVersion "1"]
[SourceVersionDate "2011.05.03"]
[SourceQuality "1"]

1. d4 d5 2. c4 e6 3. Nf3 c5 4. dxc5 Bxc5 5. e3 Nf6 6. Nc3 Nc6 7. a3 a5 8. Be2 0-0 9. 0-0 dxc4 10. Qc2 Qe7 11. Bxc4 Bd7 12. b3 Rac8 13. Bb2 Na7 14. Qe2 Rfd8 15. h3 Rb8 16. a4 b6 17. Ne5 Be8 18. Rfd1 Rxd1+ 19. Rxd1 Rd8 20. Ng4 Rxd1+ 21. Qxd1 Nxg4 22. Qxg4 Qf6 23. Qe2 Bc6 24. Ne4 Qg6 25. Ng3 Nc8 26. Be5 Qg5 27. Qd3 Qxe5 28. Qd8+ Bf8 29. Qxc8 Qd6 30. Qa6 Qc7 31. Be2 Bd6 32. Nf1 Bb4 33. Nh2 Qb7 34. Qxb7 Bxb7 35. Nf3 Kf8 36. Bc4 Bc3 37. Kf1 Be4 38. Ke2 Bc2 39. Nd4 Bxd4 40. exd4 Ke7 41. f4 Be4 42. g3 Kd6 43. h4 h6 1/2-1/2

[Event "Jakarta Telin op"]
[Site "Jakarta"]
[Date "2011.04.02"]
[Round "2"]
[White "Prihastomo, Iwan"]
[Black "Albakh Ghassan, Syaqiq"]
[Result "1-0"]
[WhiteElo "2278"]
[BlackElo "1902"]
[PlyCount "103"]
[EventDate "2011.04.01"]
[EventType "swiss"]
[EventRounds "9"]
[EventCountry "INA"]
[SourceTitle "CBM 141 Extra"]
[Source "ChessBase"]
[SourceDate "2011.05.03"]
[SourceVersion "1"]
[SourceVersionDate "2011.05.03"]
[SourceQuality "1"]

1. d4 d5 2. c4 dxc4 3. Nc3 c6 4. e3 e6 5. Bxc4 Nf6 6. Nf3 Nbd7 7. 0-0 b5 8. Be2 Bb7 9. a3 Be7 10. b4 0-0 11. Rb1 Nb6 12. Qc2 a5 13. Bd3 g6 14. e4 Kg7 15. h3 h6 16. Be3 Ne8 17. Qd2 g5 18. h4 Nd6 19. hxg5 hxg5 20. Bxg5 Rh8 21. Bxe7 Qxe7 22. Qg5+ Qxg5 23. Nxg5 Ndc4 24. Ra1 Nd2 25. Rfd1 Nb3 26. Rab1 Nxd4 27. e5 axb4 28. axb4 Ra3 29. Nce4 Ba8 30. Bf1 Nf5 31. Ra1 Rxa1 32. Rxa1 Nd5 33. Ra7 Nh6 34. Nxe6+ Kg6 35. Nc7 Nxc7 36. Rxc7 Ng4 37. Nd6 Nxe5 38. f4 Ng4 39. Nxf7 Re8 40. Nd6 Re1 41. Ra7 Rb1 42. Ne4 Rxb4 43. Rxa8 Rxe4 44. Bd3 Nf6 45. g4 Kf7 46. Bxe4 Nxe4 47. Ra6 c5 48. Rb6 Nc3 49. f5 b4 50. g5 Na4 51. Rb7+ Kf8 52. f6 1-0

[Event "World Cities"]
[Site "Jakarta "]
[Date "1997.??.??"]
[Round "1"]
[White "Prihastomo, Iwan"]
[Black "Ardiansyah, Haji"]
[Result "0-1"]
[WhiteElo "2320"]
[BlackElo "2415"]
[PlyCount "56"]
[EventDate "1997.07.08"]
[EventType "swiss"]
[EventRounds "10"]
[EventCountry "INA"]
[SourceTitle "CBM 058 Extra"]
[Source "ChessBase"]
[SourceDate "1997.07.29"]
[SourceVersion "1"]
[SourceVersionDate "1997.07.29"]
[SourceQuality "1"]

1. d4 d5 2. c4 dxc4 3. Nc3 a6 4. a4 Nc6 5. e3 Na5 6. Nf3 Bg4 7. h3 Bxf3 8. Qxf3 e6 9. Bd2 c6 10. Be2 Nf6 11. 0-0 Be7 12. Rad1 0-0 13. Ne4 b5 14. Nxf6+ Bxf6 15. Qg3 Nb3 16. Bc3 Qe7 17. e4 b4 18. Be1 Nxd4 19. Bxc4 Qc5 20. Bd3 a5 21. Rc1 Qxc1 22. e5 Bg5 23. Bc3 Qf4 24. Qxf4 Bxf4 25. Bxd4 Rfd8 26. Rd1 Rxd4 27. Bxh7+ Kxh7 28. Rxd4 Bxe5 0-1

[Event "World Cities"]
[Site "Jakarta "]
[Date "1997.??.??"]
[Round "10"]
[White "Prihastomo, Iwan"]
[Black "Kek, Wei Chuan"]
[Result "1-0"]
[WhiteElo "2320"]
[BlackElo "2080"]
[PlyCount "68"]
[EventDate "1997.07.08"]
[EventType "swiss"]
[EventRounds "10"]
[EventCountry "INA"]
[SourceTitle "CBM 058 Extra"]
[Source "ChessBase"]
[SourceDate "1997.07.29"]
[SourceVersion "1"]
[SourceVersionDate "1997.07.29"]
[SourceQuality "1"]

1. d4 Nf6 2. c4 g6 3. Nc3 d5 4. Nf3 Bg7 5. Bf4 0-0 6. e3 c6 7. h3 Nbd7 8. Be2 b6 9. cxd5 cxd5 10. Qb3 Bb7 11. 0-0 Rc8 12. Rac1 a6 13. a4 Nb8 14. Ne5 Nc6 15. Nxc6 Rxc6 16. Na2 Ne4 17. Rxc6 Bxc6 18. Rc1 Nd2 19. Qc2 Nc4 20. Nb4 Bb7 21. b3 a5 22. Na2 Nd6 23. Qc7 Ba8 24. Bxd6 Qxd6 25. Qxd6 exd6 26. Rc7 Rd8 27. Nc3 f5 28. f4 h6 29. Kf2 g5 30. g3 Bf6 31. Bf3 gxf4 32. gxf4 Bh4+ 33. Ke2 Rb8 34. Ra7 Rc8 1-0